Normal view MARC view

Entry Personal Name

Number of records used in: 1

001 - CONTROL NUMBER

  • control field: 5066

003 - CONTROL NUMBER IDENTIFIER

  • control field: RIC

005 - DATE AND TIME OF LATEST TRANSACTION

  • control field: 20260112170916.0

008 - FIXED-LENGTH DATA ELEMENTS

  • fixed length control field: 260112|| aca||aabn | a|a d

040 ## - CATALOGING SOURCE

  • Original cataloging agency: RIC
  • Transcribing agency: RIC

100 ## - HEADING--PERSONAL NAME

  • Personal name: Wan Junaidi Tuanku Jaafar

670 ## - SOURCE DATA FOUND

  • Source citation: Work cat.: (RIC)3154: Wan Junaidi Tuanku Jaafar, , Kosa Kasa dan Peribahasa Melayu Sarawak /

Supported by RICOM